LEADER 01405nam a2200313 a 4500 001 000000125345 003 CaOOAMICUS 005 20110518094852.0 008 110518s2010 it 000 u ita r 020 $a978-88-13-29085-6 040 $aPUL$bita 082 04$a346.07 100 1 $aPosenato, Naiara.$0(OLS)http://pul/name/79317 245 10$aAutonomia della volontą e scelta della legge applicabile ai contratti nei sistemi giuridici latino-americani /$cNaiara Posenato. 260 $aPadova :$bCEDAM,$c2010. 300 $aXII, 500 p. ;$c22 cm 490 1 $aBiblioteca giuridica. Attualitą ;$v48 500 $aInclude indice. 504 $aBibliografia in nota. 650 4$aGiurisprudenza$zAmerica meridionale.$0(OLS)http://pul/subject/37650 830 0$aBiblioteca giuridica.$pAttualitą ;$v48.$0(OLS)http://pul/title/158051 850 $aPUL 852 $aPUL$W1$xSL Diritto e Scienze Sociali 3$y79$m346. 07 POSNA 1$j144354$qDDC 21$B143383$CPULBib$Z2$F143383 $H115293 $82 941 1 $a9 996 $6020$a978-88-13-29085-6$9(OLS)http://pul/number/147194 996 $6082$a346.07$9(OLS)http://pul/classification/2009 996 $6245$aAutonomia della volontą e scelta della legge applicabile ai contratti nei sistemi giuridici latino-americani$9(OLS)http://pul/title/158050 996 $6260$aPadova :$bCEDAM$9(OLS)http://pul/publisher/48126 LEADER 01160nam a2200241 a 4500 001 000000138664 003 CaOOAMICUS 005 20140604131015.0 008 140604s2014 it m 000 0 ita r 040 $aPUL$bita 100 1 $aMigliaccio, Rosario Salvatore.$0(OLS)http://pul/name/89410 245 10$aLegittimitą e competenza della Chiesa nell'accertamento genealogico, can. 108 e suo riflesso civile /$cRosario Salvatore Migliaccio. 260 $aRoma :$b[s.n.],$c2014. 300 $a71 p.$c24 cm 502 $aEstratto da Tesi di Dottorato -- Pontificia Universitas Lateranensis. Facultas Iuris Canonici, 2014. 504 $aFonti e bibliografia: p. [65]-71. 710 2 $aPontificia Universitą Lateranense.$bFacoltą di diritto canonico.$kTesi.$0(OLS)http://pul/name/81682 850 $aPUL 852 $aPUL$W1$xDP1 Tesi Pon Univ. Lateranense$y41$m2014 C 6$j159987$qTesi$B159499$CPULBib$Z2$F159499 $82 941 1 $a16 996 $6245$aLegittimitą e competenza della Chiesa nell'accertamento genealogico, can. 108 e suo riflesso civile$9(OLS)http://pul/title/175553 996 $6260$aRoma :$b[s.n.]$9(OLS)http://pul/publisher/47958